100 ហេតុការណ៍នៃប្រវត្តិសាស្រ្តពិភពលោក / (Record no. 1722)
[ view plain ]
| 000 -LEADER | |
|---|---|
| fixed length control field | 03416nam a22003377a 4500 |
| 001 - CONTROL NUMBER | |
| control field | 1722 |
| 003 - CONTROL NUMBER IDENTIFIER | |
| control field | FISKH |
| 005 - DATE AND TIME OF LATEST TRANSACTION | |
| control field | 20231003161308.0 |
| 008 - FIXED-LENGTH DATA ELEMENTS--GENERAL INFORMATION | |
| fixed length control field | 230920b cb ||||| |||| 00| 0 khr d |
| 020 ## - INTERNATIONAL STANDARD BOOK NUMBER | |
| International Standard Book Number | 9789924340997 |
| 040 ## - CATALOGING SOURCE | |
| Original cataloging agency | FISKH |
| Language of cataloging | eng |
| Transcribing agency | FISKH |
| Modifying agency | FISKH |
| 082 ## - DEWEY DECIMAL CLASSIFICATION NUMBER | |
| Classification number | 902 |
| 100 ## - MAIN ENTRY--PERSONAL NAME | |
| Personal name | Yeong, Ye |
| 245 ## - TITLE STATEMENT | |
| Title | 100 ហេតុការណ៍នៃប្រវត្តិសាស្រ្តពិភពលោក / |
| Remainder of title | ពីកំណើតមនុស្សរហូតដល់ការដួលរលំរបស់ចក្រភពរ៉ូម : |
| Statement of responsibility, etc. | និពន្ធដោយ យេ យ៉ង, ស៊ីន ជេហ្វាន់ និង ឆាន់ ដុងហូ - គូររូបដោយ ស៊ីន ជេហ្វាន់ និង ឆង់ ដុហូ - បកប្រែពីភាសាកូរ៉េដោយ ទូច វណ្ដា |
| 260 ## - PUBLICATION, DISTRIBUTION, ETC. | |
| Place of publication, distribution, etc. | Phnom Penh : |
| Name of publisher, distributor, etc. | Sipar, |
| Date of publication, distribution, etc. | 2020. |
| 300 ## - PHYSICAL DESCRIPTION | |
| Extent | 131 pages : |
| Other physical details | color illustrations ; |
| Dimensions | 23 cm |
| 490 ## - SERIES STATEMENT | |
| Series statement | ខ្ញុំចង់ដឹង |
| Volume/sequential designation | 1 |
| 505 ## - FORMATTED CONTENTS NOTE | |
| Formatted contents note | Z'<br/> |
| 520 ## - SUMMARY, ETC. | |
| Summary, etc. | នៅក្នុងសៀវភៅទីមួយនៃរូបភាពថ្លុកកំប្លែងស៊េរីនេះ អ្នកអាននឹងត្រូវបានដឹកជញ្ជូនតាមពេលវេលា ដើម្បីធ្វើជាសាក្សីនៃការចាប់ផ្តើមរបស់មនុស្ស និងរបៀបដែលពួកគេរស់នៅ ស្គាល់ប្រភពដើមនៃអរិយធម៌បុរាណនៃពិភពលោក ស្គាល់ជាមួយនឹងអក្សរឆ្អឹង Oracle ទំនៀមទម្លាប់ និងប្រពៃណីរបស់ មជ្ឈិមបូព៌ា ឥណ្ឌា និងចិន ព្រមទាំងការកើនឡើង និងការដួលរលំនៃបាប៊ីឡូន អាថែន និងរ៉ូម។ ក្នុងពេលជាមួយគ្នានោះ អ្នកនឹងបានជួបជាមួយឥស្សរជនប្រវត្តិសាស្ត្រល្បីៗដូចជា សូក្រាត ព្រះពុទ្ធ ខុងជឺ អាឡិចសាន់ឌឺ ជូលីស សេសារ និងជាច្រើនទៀត។ |
| 520 ## - SUMMARY, ETC. | |
| Summary, etc. | In the first book of the series, readers will be transported through time to witness the beginning of human beings and how they lived, get to know the origin of the ancient civilizations of the world, become familiar with the Oracle bone script, customs and traditions of the Middle East, India and China as well as the rise and fall of Babylon, Athens and Rome. At the same time, you will meet famous history figures such as Socrates, Buddha, Confucius, Alexander, Julius Caesar and many more. |
| 521 8# - TARGET AUDIENCE NOTE | |
| Target audience note | 1060<br/> |
| Source | Lexile estimate<br/> |
| 521 8# - TARGET AUDIENCE NOTE | |
| Target audience note | Z'<br/> |
| Source | Raz-Plus<br/> |
| 650 ## - SUBJECT ADDED ENTRY--TOPICAL TERM | |
| Topical term or geographic name entry element | កំណើតមនុស្ស |
| Form subdivision | អរិយធម៍ |
| General subdivision | ប្រពៃណី |
| Chronological subdivision | មជ្ឈិមបូព៌ា |
| 650 ## - SUBJECT ADDED ENTRY--TOPICAL TERM | |
| Topical term or geographic name entry element | The birth of human |
| Form subdivision | Civilization |
| General subdivision | Tradition |
| Chronological subdivision | Middle East |
| 700 ## - ADDED ENTRY--PERSONAL NAME | |
| Personal name | Jae-hwan, shin |
| Relator term | Author |
| 700 ## - ADDED ENTRY--PERSONAL NAME | |
| Personal name | Dong-ho, Jeong |
| Relator term | Author |
| 700 ## - ADDED ENTRY--PERSONAL NAME | |
| Personal name | Jae-hwan, shin |
| Relator term | illustrator |
| 700 ## - ADDED ENTRY--PERSONAL NAME | |
| Personal name | Dong-ho, Jeong |
| Relator term | illustrator |
| 700 ## - ADDED ENTRY--PERSONAL NAME | |
| Personal name | Vanda, Touch |
| Relator term | Translator |
| 942 ## - ADDED ENTRY ELEMENTS (KOHA) | |
| Source of classification or shelving scheme | Dewey Decimal Classification |
| Koha item type | Khmer Books |
| Suppress in OPAC | No |
| Withdrawn status | Lost status | Source of classification or shelving scheme | Damaged status | Not for loan | Collection | Home library | Current library | Shelving location | Date acquired | Total Checkouts | Full call number | Barcode | Date last seen | Copy number | Price effective from | Koha item type | Date last checked out |
|---|---|---|---|---|---|---|---|---|---|---|---|---|---|---|---|---|---|
| Dewey Decimal Classification | Khmer Non-Fiction / សៀវភៅខ្មែរ រឿងពិត | Footprints International School Library Network Toul Kork Campus | Footprints International School Library Network Toul Kork Campus | 09/20/2023 | YEO 902 | 2023-0673 | 09/20/2023 | 1 | 09/20/2023 | Khmer Books | |||||||
| Dewey Decimal Classification | Khmer Non-Fiction / សៀវភៅខ្មែរ រឿងពិត | Footprints International School Library Network Toul Kork Campus | Footprints International School Library Network Toul Kork Campus | 09/20/2023 | 1 | YEO 902 | 2023-0674 | 02/02/2026 | 2 | 09/20/2023 | Khmer Books | 11/28/2025 |
